| 000 | 00419nam a2200133Ia 4500 | ||
|---|---|---|---|
| 008 | 211122s9999||||xx |||||||||||||| ||und|| | ||
| 082 |
_a894.812 _bCHA-M |
||
| 100 | _aChandran, Subhash | ||
| 245 | 0 | _aMadhyeyingane | |
| 260 |
_bMathrubhumi Books _aKottayam |
||
| 630 | _xGeneral Stack | ||
| 650 |
_aLITERATURE AND RHETORIC _vLITERATURE OF OTHER LANGUAGESALTAIC,URALIC,HYPERBOREAN AND DRAVIDIANMalayalam |
||
| 942 | _cBOOK | ||
| 999 |
_c125297 _d125297 |
||